02223nam a2200349 a 450000100060000000300080000600500170001400800410003103500190007203500180009104000530010904100080016208200240017010000250019424500900021926000640030930000340037350400200040765000310042794200120045899900170047095201360048795201520062395201400077595201210091595201360103695201420117295201390131495201500145395201400160395201300174332805BD-RjUL20211209051910.0140428r19691957enkb b 001 0 eng d a(BD-RjUL)32895 a(OCoLC)397735 aColumbia Univ. LibrariescODaWUdOCoLCdDLCbeng aeng04a297.0306 bLES 19691 aLevy, Reuben.99975314aThe social structure of Islam :bbeing the second edition of The sociology of Islam / aCambridge :bUniversity Press,c1957 [Reprinted 1962,1969]. avii, 536 p. :bill. ;c22 cm. aincludes index. 0aIslamic 95672vsociology. 2ddccBK c32805d32805 00102ddc40708NFICaRUCLbRUCLcStackd1973-02-10eBriteng0.00l0o297.0306 LES 1969r2014-04-28 00:00:00tC-10w2021-12-09yBK 00102ddc40708NFICaRUCLbRUCLcStackd1974-02-13eMohihddin ahmed & sonsg24.00l0o297.0306 LES 1969r2014-04-28 00:00:00tC-9w2021-12-09yBK 00102ddc40708NFICaRUCLbRUCLcStackd1963-06-26eZeitlingerg42.00l0o297.0306 LES 1962r2014-04-28 00:00:00tC-8w2021-12-09yBK 00102ddc40708NFICaRUCLbRUCLcStackd2014-04-28l0o297.0306 LES 1969r2014-04-28 00:00:00tC-7w2021-12-09yBK 00102ddc40708NFICaRUCLbRUCLcStackd1973-02-10eBritaing0.00l0o297.0306 LES 1969r2014-04-28 00:00:00tC-6w2021-12-09yBK 00102ddc40708NFICaRUCLbRUCLcStackd1965-03-20eU.R. S. Pak.g36.54l0o297.0306 LES 1962r2014-04-28 00:00:00tC-5w2021-12-09yBK 00102ddc40708NFICaRUCLbRUCLcStackd1965-12-14eZeitlingerg0.00l0o297.0306 LES 1962r2014-04-28 00:00:00tC-4w2021-12-09yBK 00102ddc40708NFICaRUCLbRUCLcStackd1963-04-07eProvince Book Depot.g35.63l0o297.0306 LES 1969r2014-04-29 00:00:00tC-2w2021-12-09yBK 00102ddc40718NFICaRUCLbRUCLcReadingd1965-12-15eZitlingerg0.00l0o297.0306 LES 1962r2014-04-30 00:00:00tC-1w2021-12-09yBK 00102ddc4070aRUCLbRUCLcStackd1973-02-10eBritaing0.00l0o297.0306 LES 1969r2014-05-07 00:00:00tC-3w2021-12-09yBK